000 00951cam a22003134a 4500
001 15025532
005 20180813042842.0
008 070927s2007 mauac b 001 0 eng c
010 _a 2007530578
016 7 _a101295577
_2DNLM
020 _a076374414X
020 _a9780763744144
035 _a(OCoLC)ocm77553331
040 _aNLM
_cNLM
_dMKC
_dPIT
_dBAKER
_dDLC
041 _aeng
042 _apcc
060 0 0 _a2006 O-116
060 1 0 _aWS 205
_bP3716 2007
080 _a618.920025
082 0 0 _a618.920025
_222
100 _a8
101 _aPED
245 0 4 _aThe pediatric emergency medicine resource /
_cMarianne Gausche-Hill, Susan Fuchs, Loren Yamamoto, editors.
246 3 _aAPLS
504 _aIncludes bibliographical references and index.
906 _a7
_bcbc
_cpccadap
_d2
_encip
_f20
_gy-gencatlg
942 _2ddc
_cBK
999 _c47016
_d47016